Agroindustrialización y crisis agricola /

Salvato in:
Dettagli Bibliografici
Autore principale: Mújica Velez, Rubén
Natura: testo
Soggetti:
Tags: Aggiungi Tag
Nessun Tag, puoi essere il primo ad aggiungerne!!

MARC

LEADER 00000 a a2200000 04500
001 41958
003
040
100 |a Mújica Velez, Rubén  
245 |a Agroindustrialización y crisis agricola /  |c Rubén Mújica Velez  
650 |a AGROINDUSTRIA  
650 |a MEXICO  
650 |a SECTOR AGROPECUARIO  
650 |a COSTOS DE PRODUCCION  
650 |a PAISES EN DESARROLLO  
650 |a SECTOR AGROPECUARIO  
650 |a COSTOS DE PRODUCCION  
773 |g volumen17, número64 ( , 1985), páginas 247-268  
999 |c 34974  |d 34974